Kliknij dyktatora - Statystyki

Ogólne statystyki
  • Ten quiz został rozwiązany 365 razy
  • Średni wynik to 10 z 19
Statystyki odpowiedzi
Hint Odpowiedź % Poprawnych
Popełnił samobójstwo 1. Adolf Hitler
91%
Urodził się w 100 r. p.n.e. 5. Juliusz Cezar
89%
Złożył podanie do szkoły artystycznej, ale został odrzucony 1. Adolf Hitler
78%
Po zakończeniu kariery dyktatora przeszedł na emeryturę i zamieszkał w Paryżu 3. Jean-Claude Duvalier
71%
Został sfotografowany jadąc konno bez koszulki 9. Vladimir Putin
70%
Jego „Wielki Skok Naprzód” zabił co najmniej 15 milionów ludzi 7. Mao Zedong
62%
Zdobył czarny pas w judo 9. Vladimir Putin
60%
Studiował na księdza 4. Józef Stalin
52%
Był wegetarianinem 1. Adolf Hitler
50%
Grał w baseball 2. Fidel Castro
50%
Znany był jako „Baby Doc” 3. Jean-Claude Duvalier
48%
Znany był jako „Pułkownik” 8. Mu’ammar al-Kaddafi
41%
Wysadził samolot Pan Am Flight 103 nad Lockerbie w Szkocji 8. Mu’ammar al-Kaddafi
41%
Oskarżył swoich żydowskich lekarzy o próbę zabicia go 4. Józef Stalin
38%
Porwał reżysera filmowego, aby wesprzeć krajowy przemysł filmowy 6. Kim Dzong Il
37%
Znany był pod tytułem "Drogi przywódca" 6. Kim Dzong Il
35%
Rządził swoim krajem przez ponad 50 lat 2. Fidel Castro
34%
Uścisnął dłoń Richarda Nixona 7. Mao Zedong
27%
W rzeczywistości posiadał oficjalny tytuł dyktatora 5. Juliusz Cezar
26%
Nie znaleziono quizów pasujących do podanych kryteriów
Rozkład punktacji
Procent ludzi z każdym wynikiem
Percentyl według liczby udzielonych odpowiedzi
Twoja historia wyników
Nie rozwiązałeś tego quizu